Strategic factors in business cycles /

Պահպանված է:
Մատենագիտական մանրամասներ
Հիմնական հեղինակ: Clark, John Maurice, 1884-1963
Ձևաչափ: Գիրք
Լեզու:English
Հրապարակվել է: N.Y., 1935.
Շարք:Publication (National Bureau of Economic Research) ; no.24.
Խորագրեր:
LEADER 01091nam a22002411 4500
001 c000378816
003 CARM
005 00000000000000.0
008 851113s1935 nyu 0 eng d
019 1 |a 4137294 
100 1 |a Clark, John Maurice,  |d 1884-1963. 
245 1 0 |a Strategic factors in business cycles /  |c by J.M.Clark; with an intro. by the Committee on Recent Economic Changes. A pub. of the National Bureau of Economic Research, in coop. with the Committee on Recent Economic Changes. 
260 |a N.Y.,  |c 1935. 
490 0 |a Publication / National Bureau of Economic Research ;  |v no.24 
650 0 |a Business cycles  |x Causes. 
650 0 |a Business cycles. 
650 0 |a Industries  |z United States. 
651 0 |a United States  |x Economic conditions. 
830 0 |a Publication (National Bureau of Economic Research) ;  |v no.24. 
852 8 |b CARM  |h A1:AO16B0  |i B08208  |p 0401823  |f BK 
082 0 4 |a 338.542 
999 f f |i b9d0deae-110f-55c4-a460-fa17d1a7d2a7  |s 68bf2080-1a64-5830-bd4a-8dcb56c0efc0 
952 f f |p Can circulate  |a CAVAL  |b CAVAL  |c CAVAL  |d CARM 1 Store  |e B08208  |f A1:AO16B0  |h Other scheme  |i book  |m 0401823